LEADER 01033nam a2200241 i 4500 001 991000995209707536 008 101214s2010 it a b 001 0 ita d 035 $ab13943819-39ule_inst 040 $aDip.to Matematica$beng 084 $aAMS 13C05 084 $aAMS 13G05 084 $aAMS 15A21 100 1 $aCampa, Antonio$0474107 245 10$aModuli finitamente generati su domini a ideali principali. Tesi di laurea /$claureando Antonio Campa ; relat. Salvatore Siciliano 260 $aLecce :$bUniversità del Salento. Facoltà di Scienze MM. FF. NN. Corso di Laurea in Matematica,$ca.a. 2009-10 300 $a33 p. ;$c30 cm 700 1 $aSiciliano, Salvatore 907 $a.b13943819$b02-04-14$c14-12-10 912 $a991000995209707536 945 $aLE013 TES 2009/10 CAM2$g1$i2013000213330$lle013$og$pE15.00$q-$rn$so $t1$u0$v0$w0$x0$y.i15210169$z14-12-10 996 $aModuli finitamente generati su domini a ideali principali. Tesi di laurea$9251364 997 $aUNISALENTO 998 $ale013$b14-12-10$cm$da $e-$fita$git $h0$i0 LEADER 03241nam 2200637Ia 450 001 9910170967503321 005 20200520144314.0 010 $a1-134-45041-9 010 $a1-280-18062-5 010 $a1-134-45042-7 010 $a0-203-21677-6 010 $a9786610180622 024 7 $a10.4324/9780203216774 035 $a(CKB)1000000000248785 035 $a(EBL)171338 035 $a(OCoLC)52973280 035 $a(SSID)ssj0000292541 035 $a(PQKBManifestationID)11236748 035 $a(PQKBTitleCode)TC0000292541 035 $a(PQKBWorkID)10269101 035 $a(PQKB)10133369 035 $a(MiAaPQ)EBC171338 035 $a(EXLCZ)991000000000248785 100 $a20020716d2003 uy 0 101 0 $aeng 135 $aur|n|---||||| 181 $ctxt 182 $cc 183 $acr 200 00$aConstructing risk and safety in technological practice /$fedited by Jane Summerton and Boel Berner 205 $a1st ed. 210 $aLondon ;$aNew York $cRoutledge$d2003 215 $a1 online resource (213 p.) 225 1 $aRoutledge advances in sociology ;$v4 300 $aDescription based upon print version of record. 311 08$a0-203-29386-X 311 08$a0-415-28571-2 320 $aIncludes bibliographical references and index. 327 $aBook Cover; Title; Contents; Contributors; Acknowledgments; Constructing risk and safety in technological practice: an introduction; Interpreting accidents; The ultimate challenge for risk technologies: controlling the accidental; Narratives of trust in constructing risk and danger: interpretations of the Swissair 111 crash; Resituating your data: understanding the human contribution to accidents; Defining risks; ~Talking diesel~: negotiating and contesting environmental risks of automobility in Sweden 327 $aDefining risk and safety in a high security organization: ~bunkering~ at the Los Alamos Plutonium Handling FacilityConstructing safety; Safety as a social construct: the problem(atique) of agency; Creating trust and achieving safety in air traffic control; The social construction of safety in the face of fear and distrust: the case of cardiac intensive care; Constructing workplace safety through control and learning: conflict or compatibility?; Index 330 $aModern technological systems entail risks and uncertainties of hitherto unknown dimensions. This book discusses the construction of risk and safety within a variety of empirical contexts where technologies and their risk are debated and handled by individuals, groups or organizations. With contributions from leading scholars from Europe and the USA, it presents original theoretical discussions, linked to detailed empirical case studies. 410 0$aRoutledge advances in sociology ;$v4. 606 $aIndustrial safety 606 $aRisk management 615 0$aIndustrial safety. 615 0$aRisk management. 676 $a302/.12 701 $aBerner$b Boel$0909208 701 $aSummerton$b Jane$0926919 801 0$bMiAaPQ 801 1$bMiAaPQ 801 2$bMiAaPQ 906 $aBOOK 912 $a9910170967503321 996 $aConstructing risk and safety in technological practice$92082281 997 $aUNINA